000 00500ntaaa2200193 4500
003 01
005 20251027202643.0
008 0714s1973 ag 01
040 _aAR-BaBN
_bspa
_cAR-BaBN
_eaacr
_dRIC
082 _a374.0000 L82
100 _aLoessner, Ernest J
_925981
245 _aAdults continuing to learn
250 _a1 ed.
260 _aNashville :
_bConvention Press,
_cc1967
300 _a135 p
500 _aLos adultos continuando el aprendizaje
650 _aadultos
_92470
942 _cBK
999 _c21703
_d21703